Παραπλανητική διαφήμιση : δικαστική προστασία
Αποθηκεύτηκε σε:
| Κύριος συγγραφέας: | |
|---|---|
| Μορφή: | Βιβλίο |
| Γλώσσα: | Greek |
| Δημοσίευση: |
Αθήνα :
Σάκκουλας,
2002
|
| Θέματα: | |
| Ετικέτες: |
Προσθήκη ετικέτας
Δεν υπάρχουν, Καταχωρήστε ετικέτα πρώτοι!
|
MARC
| LEADER | 00000nam a2200000 i 4500 | ||
|---|---|---|---|
| 001 | 1/35965 | ||
| 008 | 030514s2002 gre d | ||
| 020 | |a 960-301-622-5 | ||
| 035 | |l 10069974 | ||
| 040 | |a GR-MY-UA |b gre |e aacr | ||
| 041 | 0 | |a gre | |
| 082 | 0 | |a 343.082 | |
| 100 | 1 | |a Γαζέτας, Κωνσταντίνος Νικ. | |
| 245 | 1 | 0 | |a Παραπλανητική διαφήμιση : |b δικαστική προστασία / |c Κωνσταντίνου Γαζέτα |
| 260 | |a Αθήνα : |b Σάκκουλας, |c 2002 | ||
| 300 | |a 289 σ. | ||
| 504 | |a Περιλαμβάνει βιβλιιογραφία και ευρετήριο | ||
| 650 | 0 | 0 | |a Consumer protection |x Law and legislation |z Greece. |
| 650 | 0 | 0 | |a Deceptive advertising |z Greece. |
| 852 | |a INST |b CHIOS |e 20030514 |h 343.082 ΓΑΖ |p 005200013386 |q 005200013386 |t BK |y 0 | ||
| 901 | |a BIBL2-2003-2 | ||
| 909 | |a Χ |b 102817 | ||
| 922 | |a 2ΕΛΗ | ||
| 970 | |a ΧΑΖΙΡΗ |b ΑΝΝΑ |z 2003/05/14 | ||